000
00301nam a22001337a 4500
008
260310b |||||||| |||| 00| 0 eng d
020
_a
9789389594126
040
_a
02
100
_a
SHARMA,B.K.
245
_a
INDUSTRIAL CHEMISTRY
260
_a
MEERUT
_b
KRISHNA
_c
2021
300
_a
IO868
942
_c
01
999
_c
67125
_d
67125